10 Największych miast w województwie Małopolskim - Statystyki

Ogólne statystyki
  • Ten quiz został rozwiązany 25 razy
  • Średni wynik to 8 z 10
Statystyki odpowiedzi
Ludność Miasto % Poprawnych
806 201 Kraków
100%
80 358 Nowy Sącz
95%
103 129 Tarnów
95%
33 065 Nowy Targ
90%
28 441 Bochnia
86%
35 577 Oświęcim
86%
27 845 Wieliczka
76%
33 928 Chrzanów
67%
32 261 Olkusz
67%
25 523 Gorlice
57%
Nie znaleziono quizów pasujących do podanych kryteriów
Rozkład punktacji
Procent ludzi z każdym wynikiem
Percentyl według liczby udzielonych odpowiedzi
Twoja historia wyników
Nie rozwiązałeś tego quizu